1都3県を除いた全国の駅別乗降客数ランキング - Statistics

General Stats
  • This quiz has been taken 140 times
  • The average score is 66 of 100
Answer Stats
順位 Answer 乗降客数 都道府県 % Correct
1 大阪 1,943,441 大阪府
100%
2 名古屋 1,063,851 愛知県
100%
6 京都 540,745 京都府
98%
4 天王寺 636,876 大阪府
97%
5 三ノ宮 596,942 兵庫県
97%
8 博多 391,571 福岡県
97%
9 新大阪 381,092 大阪府
96%
12 札幌 302,298 北海道
96%
13 仙台 301,940 宮城県
96%
30 静岡 114,823 静岡県
94%
10 京橋 373,451 大阪府
93%
23 神戸 145,293 兵庫県
93%
22 広島 149,606 広島県
92%
7 金山 421,186 愛知県
91%
33 姫路 112,591 兵庫県
91%
3 難波 670,692 大阪府
90%
15 天神 250,951 福岡県
90%
27 岡山 124,549 岡山県
90%
34 高槻 112,320 大阪府
90%
56 尼崎 83,442 兵庫県
90%
11 鶴橋 328,657 大阪府
88%
40 小倉 98,324 福岡県
88%
16 新今宮 229,863 大阪府
87%
31 明石 114,652 兵庫県
87%
66 浜松 73,831 静岡県
87%
17 220,126 愛知県
86%
41 豊橋 97,682 愛知県
85%
43 西九条 94,346 大阪府
79%
78 宇都宮 62,482 栃木県
79%
96 水戸 53,776 茨城県
79%
21 四条 154,104 京都府
78%
57 茨木 83,146 大阪府
78%
88 高崎 56,562 群馬県
78%
18 本町 187,469 大阪府
76%
62 福島 78,503 大阪府
75%
63 尾張一宮 77,691 愛知県
74%
81 天満 60,929 大阪府
73%
83 新潟 59,538 新潟県
73%
14 淀屋橋 267,132 大阪府
72%
35 山科 104,186 京都府
72%
90 草津 54,892 滋賀県
72%
20 大通 155,202 北海道
70%
25 大阪上本町 127,902 大阪府
70%
26 大曽根 126,044 愛知県
70%
37 京都河原町 99,238 京都府
69%
51 西宮北口 87,145 兵庫県
68%
55 岐阜 84,476 岐阜県
68%
46 千種 92,713 愛知県
67%
68 森ノ宮 71,827 大阪府
67%
86 西明石 57,096 兵庫県
67%
19 心斎橋 156,576 大阪府
66%
58 宝塚 82,627 兵庫県
66%
91 取手 54,408 茨城県
66%
89 大正 55,578 大阪府
65%
87 王寺 56,609 奈良県
64%
36 日本橋 102,122 大阪府
63%
48 元町 89,099 兵庫県
63%
74 新札幌 63,546 北海道
63%
39 弁天町 98,889 大阪府
62%
64 野田 76,925 大阪府
62%
85 守谷 57,684 茨城県
62%
54 中百舌鳥 85,195 大阪府
59%
28 天満橋 118,333 大阪府
58%
45 江坂 93,022 大阪府
57%
84 十三 57,979 大阪府
57%
97 堺東 53,412 大阪府
57%
24 天下茶屋 132,676 大阪府
56%
71 新神戸 66,022 兵庫県
56%
32 千里中央 113,352 大阪府
55%
61 谷町四丁目 79,391 大阪府
55%
72 三島 64,094 静岡県
55%
49 住吉 87,649 兵庫県
54%
70 枚方市 69,274 大阪府
54%
67 刈谷 72,365 愛知県
53%
99 三条 52,403 京都府
53%
77 鶴舞 62,605 愛知県
51%
44 新長田 93,874 兵庫県
50%
47 烏丸御池 92,346 京都府
50%
100 甲子園 51,646 兵庫県
50%
38 堺筋本町 99,019 大阪府
49%
53 伏見 85,592 京都府
49%
50 北浜 87,597 大阪府
48%
60 三国ヶ丘 80,536 大阪府
47%
65 丹波橋 76,676 京都府
46%
42 姪浜 94,689 福岡県
45%
59 川西能勢口 80,920 兵庫県
44%
95 淡路 53,836 大阪府
43%
29 南森町 118,237 大阪府
41%
94 薬院 53,942 福岡県
39%
80 ユニバーサルシティ 61,230 大阪府
36%
52 西中島南方 86,982 大阪府
33%
69 藤が丘 70,975 愛知県
33%
73 垂水 63,731 兵庫県
30%
79 摂津本山 61,287 兵庫県
29%
82 蛍池 60,517 大阪府
28%
92 住道 54,224 大阪府
24%
93 今津 54,044 兵庫県
24%
75 南茨木 63,071 大阪府
22%
76 肥後橋 62,841 大阪府
22%
98 矢場町 52,826 愛知県
18%
No matching quizzes found
Score Distribution
Percent of People with Each Score
Percentile by Number Answered
Your Score History
You have not taken this quiz